LEADER 00952nam a2200217 i 4500 001 000000195265 003 CaOOAMICUS 005 20251217160102.0 008 101207s1959 it u000 u fre u 013 $a173933 040 $aSeMil$bita 100 1 $aSalmon, Pierre,$c.$0(OLS)http://semarc/name/90075 245 12$aL'office divin :$bhistoire de la formation du bréviaire /$cDom Pierre Salmon Abbé de l'Abbaye Pontificale de Saint-Jerôme in Urbe. 260 $aParis :$bLes Éditions du Cerf,$ccopyr. 1959. 300 $a252 p. ;$c20 cm. 650 4$aBreviario - Storia.$0(OLS)http://semarc/subject/53985 850 $aSeMil 852 $aSeMil$W1$xVenegono$y1$m3K II 234$j145834$B145834$CSeMilBibl$Z2$F157372 $81 996 $6245$aL'office divin :$bhistoire de la formation du bréviaire$9(OLS)http://semarc/title/281685 996 $6260$aParis :$bLes Éditions du Cerf$9(OLS)http://semarc/publisher/29611 LEADER 00883nam a2200217 i 4500 001 000000128371 003 CaOOAMICUS 005 20040722000000.0 008 040722s1966 it u000 u ita u 013 $a101097 040 $aSeMil$bita 245 13$aLa scultura barocca /$csaggio introduttivo di Renata Negri. 300 $a1 fasc. :$bill., tav. 490 0 $aI maestri della scultura ;$v106.[11] 650 4$aScultura barocca.$0(OLS)http://semarc/subject/25326 700 1 $aNegri, Renata.$0(OLS)http://semarc/name/5738 773 0 $tStoria della scultura.$dMilano : Fratelli Fabbri Editori, [1966]$gVolume6$w()11934 830 2$aI maestri della scultura ;$v106.[11].$0(OLS)http://semarc/title/15794 850 $aSeMil 852 $aSeMil$W1$xVenegono$y1$m5J VII 11/106$j82596$B82596$CSeMilBibl$Z2$F84940 $81 996 $6245$aLa scultura barocca$9(OLS)http://semarc/title/189690